00690nam a2200169Ia 4500008004100000020001900041082001900060100009400079245006300173250001600236260004800252300001100300856007000311942001200381999001900393952010800412210430s9999 xx 000 0 und d a9788126518296  a660.2842 F762P a Alan S. Foust, Leonard A. Wenzel, Curtis W. Clump, Louis Maus, L. Bryce Andersen9127032 aPrinciples of unit operations 2nd edition /cAlan S. Foust a2nd edition a[S.l.] :bKrieger Publishing Company,c2004 a768 p. uhttp://www.amazon.com/exec/obidos/ASIN/0894644661/chopaconline-20 cBK2ddc c564129d564129 001040708NFICaSCMEbSCMEcGENd0000-00-00l0o660.2842 F762PpSCME-3319r2021-04-30w2021-04-30yBK